Five Biggest Companies by Continent - Statistics

General Stats
  • This quiz has been taken 33 times
  • The average score is 4 of 30
Answer Stats
Country Type Answer % Correct
πŸ‡ΊπŸ‡Έ Information Technology Apple
70%
πŸ‡ΊπŸ‡Έ Retail Walmart
70%
πŸ‡ΊπŸ‡Έ Retail Amazon
47%
πŸ‡©πŸ‡ͺ Automotive Volkswagen Group
43%
πŸ‡¬πŸ‡§ Oil and Gas Shell
37%
πŸ‡¬πŸ‡§ Oil and Gas BP
33%
πŸ‡ΈπŸ‡¦ Oil and Gas Saidi Aramco
23%
πŸ‡ΊπŸ‡Έ Healthcare UnitedHealth
20%
πŸ‡¦πŸ‡Ί Mining BHP Group
3%
πŸ‡¦πŸ‡Ί Retail Coles Group
3%
πŸ‡§πŸ‡· Financials ItaΓΊ Unibanco Holding
3%
πŸ‡¦πŸ‡· Retail Mercado Libre
3%
πŸ‡«πŸ‡· Oil and Gas TotalEnergies
3%
πŸ‡§πŸ‡· Mining Vale S.A.
3%
πŸ‡¦πŸ‡Ί Conglomerate Wes Farmers
3%
πŸ‡¦πŸ‡Ί Gas and Oil Ampol
0%
πŸ‡ΊπŸ‡Έ Financials Brookshire Hathaway
0%
πŸ‡¨πŸ‡³ Oil and Gas China National Petroleum Corporation
0%
πŸ‡¨πŸ‡³ Oil and Gas China Petrochemical Corporation
0%
πŸ‡¨πŸ‡³ Construction China State Construction Engineering
0%
πŸ‡ΏπŸ‡¦ Electric Utility Escon
0%
πŸ‡ΏπŸ‡¦ Telecommunications MTN Group
0%
πŸ‡§πŸ‡· Financials Nu Holdings Ltd
0%
πŸ‡§πŸ‡· Oil and Gas PetrΓ³leo Brasileiro
0%
πŸ‡ΏπŸ‡¦ Chemistry Sasol
0%
πŸ‡ΏπŸ‡¦ Retail Shoprite Holdings
0%
πŸ‡©πŸ‡Ώ Oil and Gas Sonatrach
0%
πŸ‡¨πŸ‡³ Electricity State Grid Corporation of China
0%
πŸ‡¨πŸ‡­ Commodities Vitol
0%
πŸ‡¦πŸ‡Ί Retail Woolworths Group
0%
No matching quizzes found
Score Distribution
Percent of People with Each Score
Percentile by Number Answered
Your Score History
You have not taken this quiz